000 00638nam a2200241Ia 4500
003 OSt
005 20221007070840.0
006 a|||||r|||| 00| 0
007 ta
008 221006b |||||||| |||| 00| 0 eng d
024 _a14,032
037 _cTextual
040 _aFLL
_cFLL
_beng
041 _2eng
_aeng
082 _aX.26.Z2, K6.1
100 _aChandak M.L. Au.
_9687824
245 0 _aLaw relating to controls in india
260 _aIndore
_bWadhwa and company India
_c1961
300 _a946p
_ccm.
490 _vVol.1
942 _hX.26.Z2, K6.1
_cTEXL
_2CC
999 _c1141720
_d1141720